[Event "Jesenik Rapid op"]
[Site "Jesenik"]
[Date "2023.08.18"]
[Round "8"]
[White "Slavinsky, Rostislav"]
[Black "Porc, Pavel"]
[Result "1-0"]
[WhiteElo "1981"]
[BlackElo "1544"]
[PlyCount "79"]
[EventDate "2023.08.18"]
[EventType "swiss (rapid)"]
[EventRounds "9"]
[EventCountry "CZE"]
[SourceTitle "EXT 2024"]
[Source "ChessBase"]
[SourceDate "2023.10.10"]
[SourceVersion "1"]
[SourceVersionDate "2023.10.10"]
[SourceQuality "1"]

1. Nf3 g6 2. d4 Bg7 3. e4 d6 4. Nc3 Nc6 5. Be2 e5 6. dxe5 Nxe5 7. Nxe5 Bxe5 8. f4 Bg7 9. 0-0 Ne7 10. Be3 a6 11. Bd4 0-0 12. Bf3 Nc6 13. Bxg7 Kxg7 14. Nd5 Be6 15. c4 Rb8 16. Rc1 Ne7 17. Qd4+ f6 18. Rfd1 Nc6 19. Qd2 Bxd5 20. cxd5 Ne7 21. Qc3 Rc8 22. e5 fxe5 23. fxe5 Kg8 24. Bg4 Nf5 25. Rf1 Qg5 26. Bxf5 Rxf5 27. Rxf5 Qxf5 28. exd6 Qxd5 29. dxc7 Qd6 30. Qb3+ Kf8 31. Qxb7 Qd4+ 32. Kh1 Qd7 33. Qb4+ Kg8 34. Qc4+ Kf8 35. h3 Qd2 36. Rf1+ Kg7 37. Rf7+ Kh8 38. Qc3+ Qxc3 39. bxc3 h5 40. Rd7 1-0

[Event "CZE-chT2E 1415"]
[Site "Czech Republic"]
[Date "2014.11.16"]
[Round "2.8"]
[White "Porc, Pavel"]
[Black "Svizensky, Lubos"]
[Result "1/2-1/2"]
[WhiteElo "1764"]
[BlackElo "1902"]
[PlyCount "63"]
[EventDate "2014.11.02"]
[EventType "team-tourn"]
[EventRounds "11"]
[EventCountry "CZE"]
[SourceTitle "EXT 2022"]
[Source "ChessBase"]
[SourceDate "2021.10.06"]
[SourceVersion "1"]
[SourceVersionDate "2021.10.06"]
[SourceQuality "1"]
[WhiteTeam "Orechov"]
[BlackTeam "Dalesice Pivovar"]
[WhiteTeamCountry "CZE"]
[BlackTeamCountry "CZE"]

1. d4 d5 2. Bf4 Nf6 3. c3 c5 4. e3 Nc6 5. Nf3 Qb6 6. Qc1 Bf5 7. Nbd2 e6 8. a4 a6 9. h3 h6 10. Be2 Rc8 11. dxc5 Bxc5 12. b4 Be7 13. a5 Qd8 14. Qb2 0-0 15. 0-0 Bd6 16. Bxd6 Qxd6 17. Rac1 Rc7 18. Nb3 Nd7 19. b5 axb5 20. Bxb5 Ra8 21. Bxc6 bxc6 22. Ra1 Bd3 23. Rfd1 Bc4 24. Nfd2 Bxb3 25. Qxb3 Qc5 26. Qb4 Qa7 27. Rdb1 c5 28. Qa4 c4 29. Rb5 Nc5 30. Qa3 Nb7 31. Nf3 Qa6 32. Nd4 1/2-1/2

[Event "Brno Trade op"]
[Site "Brno"]
[Date "2010.08.27"]
[Round "7"]
[White "Sarson, Otakar"]
[Black "Porc, Pavel"]
[Result "1/2-1/2"]
[WhiteElo "1757"]
[BlackElo "1814"]
[PlyCount "36"]
[EventDate "2010.08.22"]
[EventType "swiss"]
[EventRounds "9"]
[EventCountry "CZE"]
[SourceTitle "CBM 138 Extra"]
[Source "ChessBase"]
[SourceDate "2010.10.29"]
[SourceVersion "1"]
[SourceVersionDate "2010.10.29"]
[SourceQuality "1"]

1. e4 c6 2. d4 d5 3. exd5 cxd5 4. c4 Nf6 5. Nc3 e6 6. Nf3 Nc6 7. Bg5 Be7 8. Be2 b6 9. 0-0 0-0 10. cxd5 Nxd5 11. Nxd5 Bxg5 12. Nxg5 Qxg5 13. Nc7 Rb8 14. Bf3 Ne7 15. Qa4 Bb7 16. Bxb7 Rxb7 17. Nb5 h6 18. Rac1 Rc8 1/2-1/2

[Event "Brno Trade op"]
[Site "Brno"]
[Date "2010.08.22"]
[Round "2"]
[White "Porc, Pavel"]
[Black "Vesely, Jaromir"]
[Result "1/2-1/2"]
[WhiteElo "1814"]
[BlackElo "1995"]
[PlyCount "75"]
[EventDate "2010.08.22"]
[EventType "swiss"]
[EventRounds "9"]
[EventCountry "CZE"]
[SourceTitle "CBM 138 Extra"]
[Source "ChessBase"]
[SourceDate "2010.10.29"]
[SourceVersion "1"]
[SourceVersionDate "2010.10.29"]
[SourceQuality "1"]

1. d4 Nf6 2. Bg5 Ne4 3. Bh4 d5 4. e3 f5 5. f4 Qd6 6. c3 Qh6 7. Nf3 e6 8. Be2 Bd6 9. Nbd2 0-0 10. Nxe4 fxe4 11. Bg5 Qg6 12. Ne5 Qe8 13. Bh5 g6 14. Be2 Bxe5 15. dxe5 b6 16. h4 Ba6 17. h5 Bxe2 18. Qxe2 Nd7 19. 0-0-0 Rf5 20. g4 Rxg5 21. fxg5 Nxe5 22. hxg6 Qxg6 23. Rh5 Rf8 24. Rdh1 Rf2 25. Qa6 Nd3+ 26. Kb1 Rxb2+ 27. Ka1 Rf2 28. a4 Qg7 29. Qc8+ Rf8 30. Qxe6+ Qf7 31. Qc6 Ne5 32. Qb5 c6 33. Qa6 Qe7 34. Rxh7 Qa3+ 35. Kb1 Qb3+ 36. Ka1 Qxc3+ 37. Kb1 Qb4+ 38. Ka1 1/2-1/2

[Event "CZE-chT2E 0910"]
[Site "Czech Republic"]
[Date "2010.02.14"]
[Round "7.7"]
[White "Porc, Pavel"]
[Black "Stuchly, Radim"]
[Result "1/2-1/2"]
[WhiteElo "1802"]
[BlackElo "2030"]
[PlyCount "50"]
[EventDate "2009.10.18"]
[EventType "team-tourn"]
[EventRounds "11"]
[EventCountry "CZE"]
[SourceTitle "EXT 2012"]
[Source "ChessBase"]
[SourceDate "2011.11.24"]
[SourceVersion "1"]
[SourceVersionDate "2011.11.24"]
[SourceQuality "1"]
[WhiteTeam "Orechov"]
[BlackTeam "Stare Mesto II"]
[WhiteTeamCountry "CZE"]
[BlackTeamCountry "CZE"]

1. d4 Nf6 2. Bg5 g6 3. e3 Bg7 4. Bd3 0-0 5. c3 b6 6. f4 Bb7 7. Nf3 Ne4 8. Bxe4 Bxe4 9. Nbd2 Bd3 10. c4 d5 11. Qb3 dxc4 12. Nxc4 Be4 13. 0-0 Nd7 14. Ncd2 Bb7 15. e4 c5 16. d5 Nf6 17. Rfe1 Qd7 18. Rad1 Rad8 19. Nc4 Qc7 20. Qc2 h6 21. Bxf6 exf6 22. d6 Qc6 23. e5 Bc8 24. Ne3 f5 25. Nd5 Qd7 1/2-1/2

[Event "CZE-chT2E 0910"]
[Site "Czech Republic"]
[Date "2009.10.18"]
[Round "1.7"]
[White "Krca, Milan"]
[Black "Porc, Pavel"]
[Result "1/2-1/2"]
[WhiteElo "2108"]
[BlackElo "1802"]
[PlyCount "104"]
[EventDate "2009.10.18"]
[EventType "team-tourn"]
[EventRounds "11"]
[EventCountry "CZE"]
[SourceTitle "EXT 2012"]
[Source "ChessBase"]
[SourceDate "2011.11.24"]
[SourceVersion "1"]
[SourceVersionDate "2011.11.24"]
[SourceQuality "1"]
[WhiteTeam "Stare Mesto III"]
[BlackTeam "Orechov"]
[WhiteTeamCountry "CZE"]
[BlackTeamCountry "CZE"]

1. e4 c6 2. d4 d5 3. Nd2 dxe4 4. Nxe4 Bf5 5. Ng3 Bg6 6. f4 e6 7. Nf3 Nd7 8. Bd3 Bxd3 9. Qxd3 Bd6 10. 0-0 Ngf6 11. h3 Qc7 12. Ne5 0-0 13. Be3 c5 14. Nxd7 Nxd7 15. Ne4 cxd4 16. Qxd4 Be7 17. Rad1 Nf6 18. Qa4 Rfd8 19. c3 a6 20. Nxf6+ Bxf6 21. Qe4 Rxd1 22. Rxd1 Rd8 23. Rxd8+ Bxd8 24. Bd4 Qd7 25. b3 Be7 26. c4 f5 27. Qe5 Bf6 28. Qb8+ Kf7 29. Bxf6 Kxf6 30. Qf8+ Kg6 31. Qc5 Kf6 32. Qe3 Qc7 33. Kf2 h6 34. g3 g5 35. h4 g4 36. c5 e5 37. fxe5+ Qxe5 38. Qxh6+ Kf7 39. Qb6 Qd4+ 40. Ke2 Qe4+ 41. Kd2 Qg2+ 42. Kc1 Qxg3 43. Qxb7+ Ke8 44. Qc8+ Ke7 45. Qxf5 Qe1+ 46. Kc2 Qe2+ 47. Kc3 Qe1+ 48. Kd4 g3 49. Qg5+ Kd7 50. Qg7+ Ke6 51. Qg6+ Ke7 52. Qg5+ Kd7 1/2-1/2

[Event "Brno Duras op-B"]
[Site "Brno"]
[Date "2009.07.02"]
[Round "6"]
[White "Varga, Marian"]
[Black "Porc, Pavel"]
[Result "1-0"]
[WhiteElo "1698"]
[BlackElo "1664"]
[PlyCount "109"]
[EventDate "2009.06.27"]
[EventType "swiss"]
[EventRounds "9"]
[EventCountry "CZE"]
[SourceTitle "CBM 131 Extra"]
[Source "ChessBase"]
[SourceDate "2009.09.03"]
[SourceVersion "2"]
[SourceVersionDate "2009.09.16"]
[SourceQuality "1"]

1. e4 c6 2. c4 g6 3. d4 Bg7 4. Nc3 d6 5. Nf3 Bg4 6. Be2 Nd7 7. Be3 Qb6 8. Qd2 c5 9. Nd5 Qc6 10. h3 Bxf3 11. Bxf3 Qc8 12. 0-0 e6 13. Nc3 a6 14. Rad1 Ngf6 15. Bf4 cxd4 16. Qxd4 e5 17. Qxd6 exf4 18. e5 Bf8 19. Qd4 Bc5 20. Qxf4 Qc7 21. Bd5 0-0 22. Bxb7 Rab8 23. Bxa6 Rxb2 24. Na4 Nh5 25. Rxd7 Qxd7 26. Nxc5 Qc6 27. Qd4 Rxa2 28. Bb7 Qb6 29. Bd5 Ra5 30. Ne6 Qxd4 31. Nxd4 Nf4 32. Nc6 Rc5 33. Rb1 Kg7 34. Rd1 Re8 35. Nb4 Ne2+ 36. Kf1 Nc3 37. Rd3 Na4 38. Rf3 Rf8 39. Ke2 Nb2 40. Nd3 Nxd3 41. Kxd3 Rc7 42. Kd4 Rd8 43. Rb3 Kf8 44. Rb6 Ke7 45. Rf6 Ke8 46. Rd6 Rdc8 47. Ra6 Rd7 48. c5 Kd8 49. Rd6 Rcc7 50. c6 Rxd6 51. exd6 Ra7 52. c7+ Kd7 53. Bxf7 Ra8 54. Kc5 Ra6 55. Be6+ 1-0

[Event "Brno Duras op-B"]
[Site "Brno"]
[Date "2009.07.01"]
[Round "5"]
[White "Urbanec, Vladimir"]
[Black "Porc, Pavel"]
[Result "1-0"]
[WhiteElo "1555"]
[BlackElo "1664"]
[PlyCount "59"]
[EventDate "2009.06.27"]
[EventType "swiss"]
[EventRounds "9"]
[EventCountry "CZE"]
[SourceTitle "CBM 131 Extra"]
[Source "ChessBase"]
[SourceDate "2009.09.03"]
[SourceVersion "2"]
[SourceVersionDate "2009.09.16"]
[SourceQuality "1"]

1. d4 d5 2. c4 Nf6 3. Nc3 e6 4. Nf3 Nbd7 5. a3 b6 6. cxd5 exd5 7. Bg5 Be7 8. e3 0-0 9. Bd3 c5 10. b3 Bb7 11. 0-0 Rc8 12. Qe2 cxd4 13. Nb5 dxe3 14. Bxe3 a6 15. Nbd4 Nc5 16. Bf5 Rc7 17. Nd2 Re8 18. b4 Nce4 19. f3 Nxd2 20. Qxd2 Bd6 21. Rac1 g6 22. Bh3 Nd7 23. f4 f5 24. g3 Nf6 25. Nf3 Ne4 26. Qd4 Rxc1 27. Bxc1 a5 28. Bb2 Kf7 29. Qg7+ Ke6 30. Nd4# 1-0

[Event "Brno op-B"]
[Site "Brno"]
[Date "2007.07.08"]
[Round "9"]
[White "Porc, Pavel"]
[Black "Weber, Tomas"]
[Result "1/2-1/2"]
[WhiteElo "1572"]
[BlackElo "1443"]
[PlyCount "82"]
[EventDate "2007.07.01"]
[EventType "swiss"]
[EventRounds "9"]
[EventCountry "CZE"]
[SourceTitle "CBM 119 Extra"]
[Source "ChessBase"]
[SourceDate "2007.09.04"]
[SourceVersion "1"]
[SourceVersionDate "2007.09.04"]
[SourceQuality "1"]

1. d4 d5 2. Bg5 Bf5 3. c3 Nf6 4. e3 e6 5. Bd3 Bg6 6. f4 Be7 7. Nf3 Nbd7 8. 0-0 Nb6 9. Ne5 Bxd3 10. Qxd3 h6 11. Bh4 c6 12. Nd2 Nfd7 13. Bxe7 Qxe7 14. Ndf3 Nxe5 15. Nxe5 Nd7 16. Rf3 0-0-0 17. Raf1 g6 18. e4 dxe4 19. Qxe4 Nf6 20. Qe2 Nd7 21. b4 Nb6 22. Ra1 Rhf8 23. a4 Nd7 24. a5 Nxe5 25. fxe5 f6 26. exf6 Rxf6 27. Rxf6 Qxf6 28. Rf1 Qe7 29. Qf3 Qg5 30. h3 Rd5 31. Qf8+ Rd8 32. Qf4 Qh5 33. Qg4 Qxg4 34. hxg4 Rd5 35. Rf6 Rg5 36. Rxe6 Rxg4 37. Kf2 Kd7 38. Re3 Rf4+ 39. Kg3 Rf6 40. Kg4 Re6 41. Rh3 g5 1/2-1/2

[Event "Brno op-B"]
[Site "Brno"]
[Date "2007.07.07"]
[Round "8"]
[White "Kuchynkova, Lucie"]
[Black "Porc, Pavel"]
[Result "0-1"]
[WhiteElo "1371"]
[BlackElo "1572"]
[PlyCount "78"]
[EventDate "2007.07.01"]
[EventType "swiss"]
[EventRounds "9"]
[EventCountry "CZE"]
[SourceTitle "CBM 119 Extra"]
[Source "ChessBase"]
[SourceDate "2007.09.04"]
[SourceVersion "1"]
[SourceVersionDate "2007.09.04"]
[SourceQuality "1"]

1. d4 Nf6 2. c4 c6 3. Nc3 g6 4. Nf3 Bg7 5. g3 d5 6. cxd5 cxd5 7. Bg2 0-0 8. 0-0 a6 9. Bf4 e6 10. Rc1 Nbd7 11. a3 b5 12. Rb1 Nb6 13. Ne5 Bd7 14. Nxd7 Qxd7 15. b4 Rac8 16. Qb3 Rc4 17. Rfd1 Rfc8 18. Na2 Ne8 19. Be3 Nd6 20. Rbc1 Nf5 21. Rxc4 Rxc4 22. Qb2 Qc7 23. Rc1 Rxc1+ 24. Nxc1 Qc4 25. Qd2 Nxd4 26. Bxd4 Qxd4 27. Qc2 Nc4 28. Nd3 Qa1+ 29. Bf1 Qxa3 30. Qb1 Bc3 31. Bg2 Qa1 32. Qxa1 Bxa1 33. Nc5 a5 34. bxa5 Nxa5 35. e3 b4 36. Bf1 b3 37. Bd3 Bg7 38. Kf1 b2 39. Ke2 Nc4 0-1

[Event "Brno op-B"]
[Site "Brno"]
[Date "2007.07.03"]
[Round "3"]
[White "Porc, Pavel"]
[Black "Kacalek, Tomas"]
[Result "0-1"]
[WhiteElo "1572"]
[BlackElo "1661"]
[PlyCount "76"]
[EventDate "2007.07.01"]
[EventType "swiss"]
[EventRounds "9"]
[EventCountry "CZE"]
[SourceTitle "CBM 119 Extra"]
[Source "ChessBase"]
[SourceDate "2007.09.04"]
[SourceVersion "1"]
[SourceVersionDate "2007.09.04"]
[SourceQuality "1"]

1. d4 d5 2. Bg5 Nf6 3. Nd2 Bf5 4. e3 Nbd7 5. Ngf3 h6 6. Bh4 e6 7. Be2 Be7 8. h3 c5 9. c3 a6 10. 0-0 Rc8 11. a4 0-0 12. Bg3 cxd4 13. exd4 Ne8 14. Ne5 Nd6 15. Ndf3 Bf6 16. Nxd7 Qxd7 17. Bxd6 Qxd6 18. Bd3 Bxd3 19. Qxd3 Rc7 20. Rfe1 Rfc8 21. Re2 Qb6 22. Rae1 Rc4 23. Qc2 Bxd4 24. Nd2 R4c7 25. Nf3 Bf6 26. Qd3 Rc4 27. Nh2 Rxa4 28. Nf1 Qb3 29. g3 Ra2 30. Rb1 Qc4 31. Qc2 Bxc3 32. Re3 Bd4 33. Qxc4 Rxc4 34. Rb3 Rc2 35. Ne3 Bxe3 36. fxe3 b5 37. h4 Kf8 38. g4 Ke7 0-1